<?xml version="1.0" encoding="UTF-8"?>
<record
    xmlns:xsi="http://www.w3.org/2001/XMLSchema-instance"
    xsi:schemaLocation="http://www.loc.gov/MARC21/slim http://www.loc.gov/standards/marcxml/schema/MARC21slim.xsd"
    xmlns="http://www.loc.gov/MARC21/slim">

  <leader>01274cam a2200313 b 4500</leader>
  <controlfield tag="001">16030759</controlfield>
  <controlfield tag="003">3228</controlfield>
  <controlfield tag="005">20250721124033.0</controlfield>
  <controlfield tag="008">091221s2010    nyua   j      000 0 eng  </controlfield>
  <datafield tag="020" ind1=" " ind2=" ">
    <subfield code="a">9780764145476</subfield>
    <subfield code="q">pbk</subfield>
  </datafield>
  <datafield tag="020" ind1=" " ind2=" ">
    <subfield code="a">0764145479</subfield>
    <subfield code="q">pbk</subfield>
  </datafield>
  <datafield tag="040" ind1=" " ind2=" ">
    <subfield code="a">RDA</subfield>
    <subfield code="c">3228</subfield>
  </datafield>
  <datafield tag="041" ind1="1" ind2=" ">
    <subfield code="2">E</subfield>
  </datafield>
  <datafield tag="082" ind1=" " ind2=" ">
    <subfield code="a">EKF JIME</subfield>
  </datafield>
  <datafield tag="100" ind1="1" ind2=" ">
    <subfield code="a">Jim&#xE9;nez, Nuria</subfield>
    <subfield code="9">195701</subfield>
  </datafield>
  <datafield tag="100" ind1="1" ind2=" ">
    <subfield code="a">Jim&#xE9;nez,  Empar </subfield>
    <subfield code="9">195702</subfield>
  </datafield>
  <datafield tag="245" ind1="1" ind2="0">
    <subfield code="a">Click! energy /</subfield>
    <subfield code="c">N&#xFA;ria &amp; Empar Jim&#xE9;nez ; illustrated by Rosa M. Curto.</subfield>
  </datafield>
  <datafield tag="250" ind1=" " ind2=" ">
    <subfield code="a">First edition for the United States and Canada</subfield>
  </datafield>
  <datafield tag="264" ind1=" " ind2="1">
    <subfield code="a">Hauppauge, New York :</subfield>
    <subfield code="b">Barrons Educational Series, Inc.,</subfield>
    <subfield code="c">2010.</subfield>
  </datafield>
  <datafield tag="300" ind1=" " ind2=" ">
    <subfield code="a">35 pages :</subfield>
    <subfield code="b">chiefly color illustrations ;</subfield>
    <subfield code="c">24 cm.</subfield>
  </datafield>
  <datafield tag="490" ind1="0" ind2=" ">
    <subfield code="a">Taking care of your planet</subfield>
  </datafield>
  <datafield tag="500" ind1=" " ind2=" ">
    <subfield code="a">Originally published in Catalan under the title, Cuidem el Planeta: Clic! L'Energia: Barcelona, Spain : Gemser Publications S.L., 2010.</subfield>
  </datafield>
  <datafield tag="650" ind1=" " ind2="0">
    <subfield code="a">Energy conservation</subfield>
    <subfield code="v">Juvenile literature.</subfield>
    <subfield code="9">195703</subfield>
  </datafield>
  <datafield tag="650" ind1=" " ind2="0">
    <subfield code="a">Power resources</subfield>
    <subfield code="v">Juvenile literature.</subfield>
    <subfield code="9">195704</subfield>
  </datafield>
  <datafield tag="650" ind1=" " ind2="0">
    <subfield code="a">Energy consumption</subfield>
    <subfield code="v">Juvenile literature.</subfield>
    <subfield code="9">195705</subfield>
  </datafield>
  <datafield tag="655" ind1=" " ind2="7">
    <subfield code="a">Literature.</subfield>
    <subfield code="2">lcgft</subfield>
    <subfield code="0">https://id.loc.gov/authorities/genreForms/gf2014026415</subfield>
    <subfield code="9">130800</subfield>
  </datafield>
  <datafield tag="700" ind1="1" ind2=" ">
    <subfield code="a">Curto, Rosa M.</subfield>
    <subfield code="q">(Rosa Maria),</subfield>
    <subfield code="e">illustrator.</subfield>
    <subfield code="9">195706</subfield>
  </datafield>
  <datafield tag="942" ind1=" " ind2=" ">
    <subfield code="2">ddc</subfield>
    <subfield code="c">BOOK</subfield>
    <subfield code="w">175</subfield>
    <subfield code="x">Naomi Ntsimane</subfield>
    <subfield code="y">175</subfield>
    <subfield code="z">Naomi Ntsimane</subfield>
  </datafield>
  <datafield tag="999" ind1=" " ind2=" ">
    <subfield code="c">780624</subfield>
    <subfield code="d">780623</subfield>
  </datafield>
  <datafield tag="952" ind1=" " ind2=" ">
    <subfield code="0">0</subfield>
    <subfield code="1">0</subfield>
    <subfield code="2">ddc</subfield>
    <subfield code="4">0</subfield>
    <subfield code="7">0</subfield>
    <subfield code="8">F</subfield>
    <subfield code="a">STANRL</subfield>
    <subfield code="b">LEBOL</subfield>
    <subfield code="c">CHILD</subfield>
    <subfield code="d">2025-07-21</subfield>
    <subfield code="g">124.00</subfield>
    <subfield code="l">0</subfield>
    <subfield code="o">EKF JIME</subfield>
    <subfield code="p">3322803188665</subfield>
    <subfield code="r">2025-07-21</subfield>
    <subfield code="w">2025-07-21</subfield>
    <subfield code="y">BOOK</subfield>
  </datafield>
  <datafield tag="952" ind1=" " ind2=" ">
    <subfield code="0">0</subfield>
    <subfield code="1">0</subfield>
    <subfield code="2">ddc</subfield>
    <subfield code="4">0</subfield>
    <subfield code="7">0</subfield>
    <subfield code="8">F</subfield>
    <subfield code="a">STANRL</subfield>
    <subfield code="b">STANDL</subfield>
    <subfield code="c">CHILD</subfield>
    <subfield code="d">2025-07-21</subfield>
    <subfield code="g">124.00</subfield>
    <subfield code="l">0</subfield>
    <subfield code="o">EKF JIME</subfield>
    <subfield code="p">3322803188663</subfield>
    <subfield code="r">2025-07-21</subfield>
    <subfield code="w">2025-07-21</subfield>
    <subfield code="y">BOOK</subfield>
  </datafield>
  <datafield tag="952" ind1=" " ind2=" ">
    <subfield code="0">0</subfield>
    <subfield code="1">0</subfield>
    <subfield code="2">ddc</subfield>
    <subfield code="4">0</subfield>
    <subfield code="7">0</subfield>
    <subfield code="8">F</subfield>
    <subfield code="a">STANRL</subfield>
    <subfield code="b">VOLKL</subfield>
    <subfield code="c">CHILD</subfield>
    <subfield code="d">2025-10-16</subfield>
    <subfield code="g">124.00</subfield>
    <subfield code="l">0</subfield>
    <subfield code="o">EKF JIME</subfield>
    <subfield code="p">3228200045842</subfield>
    <subfield code="r">2025-10-16</subfield>
    <subfield code="w">2025-10-16</subfield>
    <subfield code="y">BOOK</subfield>
  </datafield>
  <datafield tag="952" ind1=" " ind2=" ">
    <subfield code="0">0</subfield>
    <subfield code="1">0</subfield>
    <subfield code="2">ddc</subfield>
    <subfield code="4">0</subfield>
    <subfield code="7">0</subfield>
    <subfield code="8">F</subfield>
    <subfield code="a">STANRL</subfield>
    <subfield code="b">GROOL</subfield>
    <subfield code="c">CHILD</subfield>
    <subfield code="d">2025-10-16</subfield>
    <subfield code="g">124.00</subfield>
    <subfield code="o">EKF JIME</subfield>
    <subfield code="p">3228200045841</subfield>
    <subfield code="r">2025-10-16</subfield>
    <subfield code="w">2025-10-16</subfield>
    <subfield code="y">BOOK</subfield>
  </datafield>
</record>
